[Event "Liga Madrileña - DH 2017-2018"]
[Site "Madrid ESP"]
[Date "2017.12.03"]
[Round "3.23"]
[White "Moreno Ruiz, Javier"]
[Black "Plazuelo Pascual, Juan"]
[Result "1/2-1/2"]
[WhiteElo "2446"]
[BlackElo "2324"]
[PlyCount "118"]
[EventDate "2017.11.19"]
[EventType "team-tourn"]
[EventRounds "14"]
[EventCountry "ESP"]
[SourceTitle "Ajedrez en Madrid"]
[Source "lmi"]
[SourceDate "2017.11.19"]
[WhiteTeam "Collado Villalba"]
[BlackTeam "Virgen de Atocha"]
[WhiteTeamCountry "ESP"]
[BlackTeamCountry "ESP"]

1. d4 Nf6 2. c4 e6 3. Nc3 Bb4 4. Qc2 O-O 5. Nf3 d5 6. cxd5 exd5 7. Bg5 h6 8.
Bh4 c5 9. dxc5 Na6 10. e3 Nxc5 11. a3 Bxc3+ 12. Qxc3 Nce4 13. Bxf6 Qxf6 14.
Qxf6 Nxf6 15. Nd4 Be6 16. Bd3 Rfc8 17. f3 Kf8 18. Kd2 Ke7 19. g4 Ne8 20. h4 Nd6
21. b3 Rh8 22. Rag1 Raf8 23. g5 g6 24. Ne2 Rd8 25. Kc3 Bf5 26. Nf4 Bxd3 27.
Nxd5+ Ke6 28. Nf4+ Ke7 29. Kxd3 Nb5+ 30. Ke2 Nxa3 31. e4 Nb5 32. Nd5+ Ke6 33.
Ke3 Nd6 34. h5 hxg5 35. Rxg5 Rh6 36. f4 Kd7 37. Rd1 Kc8 38. Ne7+ Kd7 39. Nd5
Kc8 40. Rc1+ Kb8 41. Nf6 a6 42. Rd5 gxh5 43. Nxh5 Re8 44. Ng3 Rh3 45. Rxd6
Rxg3+ 46. Kd4 Rxb3 47. Rd7 Rb4+ 48. Kd3 Rexe4 49. f5 f6 50. Rd6 Ka7 51. Rxf6
Rbd4+ 52. Kc3 Rc4+ 53. Kd3 Rcd4+ 54. Kc3 Rf4 55. Rb1 Rd7 56. Rf8 b5 57. Rg1 b4+
58. Kc2 Rc7+ 59. Kd2 Rc6 1/2-1/2

[Event "Liga Madrileña - DH 2017-2018"]
[Site "Madrid ESP"]
[Date "2017.12.03"]
[Round "3.24"]
[White "Rabadan Velasco, Raul"]
[Black "Rodriguez Cespedes, Amador"]
[Result "1/2-1/2"]
[WhiteElo "2202"]
[BlackElo "2411"]
[PlyCount "112"]
[EventDate "2017.11.19"]
[EventType "team-tourn"]
[EventRounds "14"]
[EventCountry "ESP"]
[SourceTitle "Ajedrez en Madrid"]
[Source "lmi"]
[SourceDate "2017.11.19"]
[WhiteTeam "Virgen de Atocha"]
[BlackTeam "Collado Villalba"]
[WhiteTeamCountry "ESP"]
[BlackTeamCountry "ESP"]

1. b3 d5 2. Bb2 Nf6 3. f4 c5 4. Nf3 g6 5. g3 Bg7 6. Bg2 O-O 7. O-O Nc6 8. e3 b6
9. d3 Bb7 10. h3 Qc7 11. Qe1 Rad8 12. Nbd2 Rfe8 13. a3 e6 14. Rd1 a5 15. Ne5 a4
16. g4 d4 17. Nxc6 Bxc6 18. Bxc6 Qxc6 19. e4 Nd7 20. Qh4 f6 21. Rf2 Rf8 22.
Rdf1 f5 23. Re2 Rde8 24. Bc1 axb3 25. cxb3 Qb5 26. Rf3 fxe4 27. Nxe4 Qxb3 28.
Re1 Qd5 29. Rf2 b5 30. Rfe2 h6 31. Qg3 c4 32. Bd2 c3 33. Bc1 Rf7 34. h4 Kh8 35.
f5 gxf5 36. Nd6 Rff8 37. Nxe8 Rxe8 38. g5 hxg5 39. hxg5 Kg8 40. g6 Nf8 41. Qc7
e5 42. Rh2 Qe6 43. Bh6 Qxg6+ 44. Kh1 Qf7 45. Qc5 Re6 46. Bxg7 Kxg7 47. Rxe5 Nd7
48. Rg2+ Rg6 49. Rxg6+ Kxg6 50. Qd6+ Kg7 51. Re2 Qh5+ 52. Rh2 Qd1+ 53. Kg2 Qe2+
54. Kg1 Qe1+ 55. Kg2 Qe2+ 56. Kg1 Qe1+ 1/2-1/2

[Event "Liga Madrileña - DH 2017-2018"]
[Site "Madrid ESP"]
[Date "2017.12.03"]
[Round "3.25"]
[White "Martin Duque, Jesus"]
[Black "Vazquez Torres, Adrian"]
[Result "1/2-1/2"]
[WhiteElo "2376"]
[BlackElo "2182"]
[PlyCount "88"]
[EventDate "2017.11.19"]
[EventType "team-tourn"]
[EventRounds "14"]
[EventCountry "ESP"]
[SourceTitle "Ajedrez en Madrid"]
[Source "lmi"]
[SourceDate "2017.11.19"]
[WhiteTeam "Collado Villalba"]
[BlackTeam "Virgen de Atocha"]
[WhiteTeamCountry "ESP"]
[BlackTeamCountry "ESP"]

1. e4 c5 2. Nf3 e6 3. d4 cxd4 4. Nxd4 Nc6 5. Nc3 Bb4 6. Nxc6 dxc6 7. Qxd8+ Kxd8
8. Bd2 Nf6 9. O-O-O Ke8 10. f4 e5 11. g3 Bc5 12. Bg2 b5 13. f5 a5 14. Rde1 Ba6
15. Nd1 Ke7 16. Bxa5 Bb7 17. Bc3 Bd6 18. a3 Rhd8 19. Ne3 Ra4 20. b3 Rxa3 21. g4
c5 22. g5 Nh5 23. f6+ Kf8 24. Bf3 g6 25. Rd1 Raa8 26. Bxh5 gxh5 27. Nd5 b4 28.
Bb2 Ba6 29. Rhe1 Rab8 30. Ne3 Bc7 31. Rd5 Rxd5 32. Nxd5 Bd6 33. Re3 c4 34. bxc4
Bxc4 35. Rh3 Be2 36. Kd2 Bg4 37. Rd3 Be6 38. Nf4 exf4 39. Rxd6 b3 40. cxb3 Ke8
41. Be5 Rxb3 42. Bxf4 Rb2+ 43. Kc3 Rb3+ 44. Kc2 Rb5 1/2-1/2

[Event "Liga Madrileña - DH 2017-2018"]
[Site "Madrid ESP"]
[Date "2017.12.03"]
[Round "3.26"]
[White "Rodrigo Yanguas, Maria"]
[Black "Ortega Ruiz, Jose Miguel"]
[Result "0-1"]
[WhiteElo "2071"]
[BlackElo "2250"]
[PlyCount "150"]
[EventDate "2017.11.19"]
[EventType "team-tourn"]
[EventRounds "14"]
[EventCountry "ESP"]
[SourceTitle "Ajedrez en Madrid"]
[Source "lmi"]
[SourceDate "2017.11.19"]
[WhiteTeam "Virgen de Atocha"]
[BlackTeam "Collado Villalba"]
[WhiteTeamCountry "ESP"]
[BlackTeamCountry "ESP"]

1. e4 e5 2. Nf3 Nc6 3. Bc4 Nf6 4. d3 Be7 5. O-O O-O 6. Re1 d6 7. c3 Na5 8. Bb5
a6 9. Ba4 b5 10. Bc2 c5 11. Nbd2 Nc6 12. Nf1 h6 13. Ne3 Re8 14. d4 Bb7 15. Nf5
Bf8 16. d5 Nb8 17. N3h4 Kh7 18. Re3 Bc8 19. Rh3 Ng8 20. Nf3 f6 21. N3h4 g5 22.
Qh5 Ra7 23. Qg6+ Kh8 24. Nf3 Bxf5 25. Qxf5 Rh7 26. Ne1 Nd7 27. Bd1 Ne7 28. Qf3
f5 29. exf5 Nf6 30. Qd3 Nexd5 31. a4 e4 32. Qc2 Qd7 33. c4 Nb4 34. Qc3 Bg7 35.
axb5 axb5 36. cxb5 Qxf5 37. b6 Nfd5 38. Qg3 Nxb6 39. Qxd6 Nc4 40. Qc7 Rf8 41.
Qg3 Be5 42. Bg4 Qf7 43. f4 exf3 44. Qxf3 Qe7 45. Bf5 Bd4+ 46. Kf1 Ne5 47. Qe4
Qf6 48. Ra8 Rhf7 49. g4 Nxg4 50. Rxf8+ Rxf8 51. Qxg4 Qxf5+ 52. Qxf5 Rxf5+ 53.
Rf3 Rd5 54. Ng2 Na2 55. Ne3 Rd7 56. Bd2 Bxb2 57. Nc4 Bg7 58. Rf5 Bd4 59. h4
gxh4 60. Rh5 Rf7+ 61. Ke2 Rf2+ 62. Kd3 Rf3+ 63. Ke4 Rh3 64. Kf5 Nc3 65. Bxh6
Kg8 66. Nd6 Ne2 67. Rg5+ Kh7 68. Bf8 Rf3+ 69. Kg4 Rf4+ 70. Kh3 Rxf8 71. Nf5 Bf6
72. Rg2 Nd4 73. Ne3 Rg8 74. Rd2 Rg3+ 75. Kh2 Nf3+ 0-1

[Event "Liga Madrileña - DH 2017-2018"]
[Site "Madrid ESP"]
[Date "2017.12.03"]
[Round "3.31"]
[White "Lianes Garcia, Marcos"]
[Black "Valles Moreno, Ivan"]
[Result "0-1"]
[WhiteElo "2300"]
[BlackElo "2429"]
[PlyCount "36"]
[EventDate "2017.11.19"]
[EventType "team-tourn"]
[EventRounds "14"]
[EventCountry "ESP"]
[SourceTitle "Ajedrez en Madrid"]
[Source "lmi"]
[SourceDate "2017.11.19"]
[WhiteTeam "Villaverde"]
[BlackTeam "Liberty Chess"]
[WhiteTeamCountry "ESP"]
[BlackTeamCountry "ESP"]

1. e4 e5 2. Nf3 Nc6 3. Bb5 a6 4. Bxc6 dxc6 5. O-O Qf6 6. d3 Bg4 7. Nbd2 Ne7 8.
h3 h5 9. Re1 Ng6 10. d4 Bd6 11. hxg4 hxg4 12. dxe5 Nxe5 13. Nxe5 Qxe5 14. g3
Qh5 15. Kf1 O-O-O 16. Re3 f5 17. exf5 Bc5 18. Re5 Rxd2 0-1

[Event "Liga Madrileña - DH 2017-2018"]
[Site "Madrid ESP"]
[Date "2017.12.03"]
[Round "3.32"]
[White "Garcia Cuenca, Victor Manuel"]
[Black "Diezma Aganzo, Jose Luis"]
[Result "1-0"]
[WhiteElo "2320"]
[BlackElo "2239"]
[PlyCount "85"]
[EventDate "2017.11.19"]
[EventType "team-tourn"]
[EventRounds "14"]
[EventCountry "ESP"]
[SourceTitle "Ajedrez en Madrid"]
[Source "lmi"]
[SourceDate "2017.11.19"]
[WhiteTeam "Liberty Chess"]
[BlackTeam "Villaverde"]
[WhiteTeamCountry "ESP"]
[BlackTeamCountry "ESP"]

1. d4 Nf6 2. c4 g6 3. Nf3 Bg7 4. g3 O-O 5. Bg2 d6 6. O-O Nc6 7. Nc3 a6 8. h3
Bd7 9. e4 e5 10. d5 Nd4 11. Nxd4 exd4 12. Qxd4 Qc8 13. h4 Ng4 14. Qd3 Ne5 15.
Qe2 b5 16. cxb5 axb5 17. f4 Ng4 18. Nd1 f5 19. exf5 Bxf5 20. Qxb5 Re8 21. Qc4
Qb7 22. Bf3 Qb6+ 23. Kg2 Bd7 24. a4 h5 25. Ra3 Ra5 26. b4 Rxa4 27. Rxa4 Bxa4
28. Nc3 Bd7 29. Bd2 Ne3+ 30. Bxe3 Rxe3 31. Rc1 Rxf3 32. Kxf3 Bg4+ 33. Kg2 Qe3
34. Nd1 Qd2+ 35. Nf2 Bf5 36. Rd1 Qb2 37. b5 Bd7 38. Qxc7 Bxb5 39. Qxd6 Kh7 40.
Qe7 Qb3 41. Qe6 Qc2 42. Qe3 Qf5 43. Ne4 1-0

[Event "Liga Madrileña - DH 2017-2018"]
[Site "Madrid ESP"]
[Date "2017.12.03"]
[Round "3.33"]
[White "Quispe Arteaga, Gabriel"]
[Black "Fernandez Garcia, Miguel Angel"]
[Result "1/2-1/2"]
[WhiteElo "2267"]
[BlackElo "2314"]
[PlyCount "36"]
[EventDate "2017.11.19"]
[EventType "team-tourn"]
[EventRounds "14"]
[EventCountry "ESP"]
[SourceTitle "Ajedrez en Madrid"]
[Source "lmi"]
[SourceDate "2017.11.19"]
[WhiteTeam "Villaverde"]
[BlackTeam "Liberty Chess"]
[WhiteTeamCountry "ESP"]
[BlackTeamCountry "ESP"]

1. Nf3 d5 2. g3 g6 3. Bg2 Bg7 4. d4 Nf6 5. O-O O-O 6. c4 dxc4 7. Ne5 Ne8 8. Na3
c5 9. Naxc4 cxd4 10. e3 Nd6 11. exd4 Nxc4 12. Nxc4 Qxd4 13. Qxd4 Bxd4 14. Bh6
Bg7 15. Bxg7 Kxg7 16. Na5 Nc6 17. Nxc6 bxc6 18. Bxc6 Rb8 1/2-1/2

[Event "Liga Madrileña - DH 2017-2018"]
[Site "Madrid ESP"]
[Date "2017.12.03"]
[Round "3.34"]
[White "Martin Rueda, Daniel"]
[Black "Lopez Andujar Ocaña, Antonio"]
[Result "1-0"]
[WhiteElo "2285"]
[BlackElo "2094"]
[PlyCount "91"]
[EventDate "2017.11.19"]
[EventType "team-tourn"]
[EventRounds "14"]
[EventCountry "ESP"]
[SourceTitle "Ajedrez en Madrid"]
[Source "lmi"]
[SourceDate "2017.11.19"]
[WhiteTeam "Liberty Chess"]
[BlackTeam "Villaverde"]
[WhiteTeamCountry "ESP"]
[BlackTeamCountry "ESP"]

1. Nf3 d5 2. d4 Nf6 3. c4 e6 4. Nc3 Be7 5. Bg5 h6 6. Bxf6 Bxf6 7. e3 c6 8. Qc2
O-O 9. O-O-O Qa5 10. h4 Na6 11. g4 Nb4 12. Qb1 Be7 13. g5 h5 14. a3 Na6 15. Qc2
b5 16. c5 Bd7 17. Ne5 Be8 18. Na2 Rb8 19. Bd3 b4 20. Bxa6 b3 21. Qc3 bxa2 22.
Qxa5 a1=Q+ 23. Kd2 Qxb2+ 24. Ke1 Rb3 25. Be2 Rxa3 26. Qd2 Qb3 27. Bd3 Ra2 28.
Rb1 Qa3 29. Qd1 Qc3+ 30. Kf1 f6 31. Nxc6 Rd2 32. Nxe7+ Kf7 33. Bg6+ Kxe7 34.
Rb7+ Bd7 35. Qb1 Rxf2+ 36. Kxf2 Qd2+ 37. Kg3 Qxe3+ 38. Kg2 Qe2+ 39. Kg3 Qg4+
40. Kf2 fxg5+ 41. Ke1 Qg3+ 42. Kd1 Qf3+ 43. Kd2 Qf2+ 44. Kc3 Qe3+ 45. Bd3 Rf4
46. Qg1 1-0

[Event "Liga Madrileña - DH 2017-2018"]
[Site "Madrid ESP"]
[Date "2017.12.03"]
[Round "3.35"]
[White "Martin Rodriguez, Emilio"]
[Black "Perez Gonzalez, Jose Manuel"]
[Result "1/2-1/2"]
[WhiteElo "1997"]
[BlackElo "2226"]
[PlyCount "74"]
[EventDate "2017.11.19"]
[EventType "team-tourn"]
[EventRounds "14"]
[EventCountry "ESP"]
[SourceTitle "Ajedrez en Madrid"]
[Source "lmi"]
[SourceDate "2017.11.19"]
[WhiteTeam "Villaverde"]
[BlackTeam "Liberty Chess"]
[WhiteTeamCountry "ESP"]
[BlackTeamCountry "ESP"]

1. d4 Nf6 2. Nf3 g6 3. Bg5 Bg7 4. Nbd2 d6 5. e4 O-O 6. Bd3 Nc6 7. c3 h6 8. Bh4
e5 9. dxe5 Nxe5 10. Nxe5 dxe5 11. Nc4 Qe7 12. O-O b6 13. f4 g5 14. fxg5 Ng4 15.
Qe2 hxg5 16. Bg3 f6 17. h3 Nh6 18. Ne3 Be6 19. Bc4 c6 20. Rad1 Rad8 21. Bxe6+
Qxe6 22. Qc4 Qxc4 23. Nxc4 Nf7 24. Bf2 Rfe8 25. Rfe1 Bf8 26. Kf1 Rxd1 27. Rxd1
Rd8 28. Rxd8 Nxd8 29. Ke2 Kf7 30. b4 Nb7 31. Kd3 b5 32. Nd2 a5 33. bxa5 Nxa5
34. Bb6 Nb7 35. c4 Bb4 36. cxb5 cxb5 37. Nb3 Ke6 1/2-1/2

[Event "Liga Madrileña - DH 2017-2018"]
[Site "Madrid ESP"]
[Date "2017.12.03"]
[Round "3.36"]
[White "Suarez Triguero, Jose Alfonso"]
[Black "Vazquez Gonzalez, Jesus"]
[Result "1/2-1/2"]
[WhiteElo "2061"]
[BlackElo "1943"]
[PlyCount "66"]
[EventDate "2017.11.19"]
[EventType "team-tourn"]
[EventRounds "14"]
[EventCountry "ESP"]
[SourceTitle "Ajedrez en Madrid"]
[Source "lmi"]
[SourceDate "2017.11.19"]
[WhiteTeam "Liberty Chess"]
[BlackTeam "Villaverde"]
[WhiteTeamCountry "ESP"]
[BlackTeamCountry "ESP"]

1. e4 g6 2. Nf3 Bg7 3. d4 c5 4. c4 cxd4 5. Nxd4 Nc6 6. Be3 d6 7. Nc3 Nf6 8. Be2
O-O 9. O-O Bd7 10. Qd2 a6 11. f3 Rc8 12. Rac1 Nxd4 13. Bxd4 Be6 14. Nd5 Nxd5
15. exd5 Bxd4+ 16. Qxd4 Bd7 17. b4 a5 18. a3 b6 19. Rfd1 Qc7 20. Rd3 axb4 21.
axb4 Ra8 22. Re3 e5 23. Qb2 Qa7 24. Rcc3 Qb7 25. Ra3 f6 26. Rxa8 Rxa8 27. Ra3
b5 28. Qa2 Rxa3 29. Qxa3 bxc4 30. Bxc4 Bb5 31. Bxb5 Qxb5 32. Qa5 Qe2 33. h3
Qe3+ 1/2-1/2

[Event "Liga Madrileña - DH 2017-2018"]
[Site "Madrid ESP"]
[Date "2017.12.02"]
[Round "3.41"]
[White "Moreno Trujillo, Alejandro"]
[Black "Suarez Uriel, Adrian"]
[Result "1-0"]
[WhiteElo "2492"]
[BlackElo "2402"]
[PlyCount "73"]
[EventDate "2017.11.19"]
[EventType "team-tourn"]
[EventRounds "14"]
[EventCountry "ESP"]
[SourceTitle "Ajedrez en Madrid"]
[Source "lmi"]
[SourceDate "2017.11.19"]
[WhiteTeam "64 Villalba"]
[BlackTeam "La Casa del Ajedrez"]
[WhiteTeamCountry "ESP"]
[BlackTeamCountry "ESP"]

1. d4 Nf6 2. c4 g6 3. g3 Bg7 4. Bg2 c6 5. e4 d6 6. Nc3 e5 7. Nge2 O-O 8. O-O a5
9. h3 Na6 10. Be3 Re8 11. d5 Nc5 12. Qd2 cxd5 13. exd5 a4 14. f3 Bd7 15. Rac1
Qa5 16. g4 Rac8 17. Ng3 Re7 18. Bg5 Ree8 19. Kh1 b5 20. f4 h6 21. Bxf6 Bxf6 22.
g5 hxg5 23. fxg5 Bg7 24. Rcd1 bxc4 25. Qf2 Rf8 26. Nge4 Nxe4 27. Nxe4 c3 28.
bxc3 Rc4 29. Nxd6 Rxc3 30. Ne4 Rc4 31. Qg3 Rd4 32. Rxd4 exd4 33. Qf4 f5 34.
gxf6 Qxd5 35. Ng5 Qxa2 36. f7+ Rxf7 37. Nxf7 1-0

[Event "Liga Madrileña - DH 2017-2018"]
[Site "Madrid ESP"]
[Date "2017.12.02"]
[Round "3.42"]
[White "Candela Perez, Jose"]
[Black "Sosa, Tomas"]
[Result "0-1"]
[WhiteElo "2373"]
[BlackElo "2460"]
[PlyCount "132"]
[EventDate "2017.11.19"]
[EventType "team-tourn"]
[EventRounds "14"]
[EventCountry "ESP"]
[SourceTitle "Ajedrez en Madrid"]
[Source "lmi"]
[SourceDate "2017.11.19"]
[WhiteTeam "La Casa del Ajedrez"]
[BlackTeam "64 Villalba"]
[WhiteTeamCountry "ESP"]
[BlackTeamCountry "ESP"]

1. d4 Nf6 2. c4 d6 3. Nf3 Nbd7 4. Nc3 e5 5. e4 g6 6. Be2 Bg7 7. O-O O-O 8. Be3
h6 9. d5 Ng4 10. Bd2 f5 11. Ne1 Ngf6 12. exf5 gxf5 13. f4 Nc5 14. Nd3 Nxd3 15.
Bxd3 c6 16. fxe5 Ng4 17. e6 Nxh2 18. Rxf5 Rxf5 19. Bxf5 Qh4 20. Bh3 Be5 21. Qe2
b5 22. Qe4 Qf6 23. cxb5 cxb5 24. Nxb5 Ba6 25. Bc3 Bxc3 26. Nxc3 Nf1 27. e7 Re8
28. Qe6+ Kg7 29. Qxf6+ Kxf6 30. Rxf1+ Bxf1 31. Kxf1 Rxe7 32. Be6 Ke5 33. Ke2
Rb7 34. Nd1 Kd4 35. b3 h5 36. Ne3 Kc5 37. Nc4 Rg7 38. Kf3 h4 39. Ne3 Rg3+ 40.
Kf2 a5 41. Ke2 Kb4 42. Kf2 Kc5 43. Bg4 Kb4 44. Bf3 Rg6 45. Nf5 Ka3 46. Nxh4 Rg5
47. g4 Kxa2 48. Nf5 Kxb3 49. Kg3 a4 50. Bd1+ Kb4 51. Bxa4 Kxa4 52. Kf4 Rg6 53.
g5 Kb5 54. Ne3 Kc5 55. Kf5 Rg8 56. Kf6 Rf8+ 57. Kg6 Rf3 58. Ng4 Kxd5 59. Nf6+
Ke6 60. Ne4 d5 61. Nc5+ Kd6 62. Nb7+ Ke5 63. Kh6 d4 64. Na5 Rh3+ 65. Kg6 Rc3
66. Kf7 d3 0-1

[Event "Liga Madrileña - DH 2017-2018"]
[Site "Madrid ESP"]
[Date "2017.12.02"]
[Round "3.43"]
[White "Garrido Dominguez, Jesus"]
[Black "Elguezabal Varela, Daniel"]
[Result "1/2-1/2"]
[WhiteElo "2400"]
[BlackElo "2339"]
[PlyCount "93"]
[EventDate "2017.11.19"]
[EventType "team-tourn"]
[EventRounds "14"]
[EventCountry "ESP"]
[SourceTitle "Ajedrez en Madrid"]
[Source "lmi"]
[SourceDate "2017.11.19"]
[WhiteTeam "64 Villalba"]
[BlackTeam "La Casa del Ajedrez"]
[WhiteTeamCountry "ESP"]
[BlackTeamCountry "ESP"]

1. e4 e6 2. d4 d5 3. Nd2 c5 4. exd5 Qxd5 5. Ngf3 cxd4 6. Bc4 Qd8 7. O-O Nc6 8.
Nb3 a6 9. Nbxd4 Nxd4 10. Nxd4 Qc7 11. Qe2 Bd6 12. Nf5 Bxh2+ 13. Kh1 Be5 14. Re1
g6 15. Qxe5 Qxe5 16. Rxe5 gxf5 17. Bd2 Ne7 18. Rae1 Rg8 19. Bd3 Bd7 20. Bxf5
Nxf5 21. Rxf5 Bc6 22. Rg5 O-O-O 23. Rxg8 Rxg8 24. f3 Rd8 25. Bc3 Rd5 26. Kh2
Kd7 27. Kg3 Ke7 28. Bb4+ Kf6 29. c4 Rg5+ 30. Kf2 h5 31. Rd1 Rg8 32. Rh1 Kg6 33.
Rh3 f6 34. Bc3 Rg7 35. Ke3 Rd7 36. Rh1 Rd8 37. Ba5 Rd7 38. b3 Kg5 39. Bc3 Kg6
40. Ke2 Rd8 41. Rh3 Rd7 42. Rg3+ Kf7 43. Bd2 Rd8 44. Rh3 Kg6 45. Rg3+ Kf7 46.
Rh3 Kg6 47. Rg3+ 1/2-1/2

[Event "Liga Madrileña - DH 2017-2018"]
[Site "Madrid ESP"]
[Date "2017.12.02"]
[Round "3.44"]
[White "Collado Barbas, Laura"]
[Black "Ruperez Benito, Antonio"]
[Result "1/2-1/2"]
[WhiteElo "2105"]
[BlackElo "2331"]
[PlyCount "143"]
[EventDate "2017.11.19"]
[EventType "team-tourn"]
[EventRounds "14"]
[EventCountry "ESP"]
[SourceTitle "Ajedrez en Madrid"]
[Source "lmi"]
[SourceDate "2017.11.19"]
[WhiteTeam "La Casa del Ajedrez"]
[BlackTeam "64 Villalba"]
[WhiteTeamCountry "ESP"]
[BlackTeamCountry "ESP"]

1. d4 e6 2. c4 d5 3. Nc3 Nf6 4. cxd5 exd5 5. Bg5 Be7 6. e3 c6 7. Qc2 Nbd7 8.
Bd3 O-O 9. Nge2 Re8 10. O-O Nf8 11. f3 Ng6 12. Rae1 c5 13. b3 Be6 14. Bb5 Rf8
15. f4 Ng4 16. Bxe7 Nxe7 17. Ng3 cxd4 18. exd4 Qb6 19. Qd2 Nh6 20. Re5 Ng4 21.
Ree1 a6 22. Bd7 Bxd7 23. Rxe7 Qd6 24. Rfe1 Rac8 25. h3 Nf6 26. R7e5 Qb4 27.
R1e3 Rc7 28. Nge2 Bb5 29. Qd1 Bxe2 30. Nxe2 Rfc8 31. Kh2 h6 32. Qd3 Qd6 33. Qf5
g6 34. Qd3 Nd7 35. Re7 Nf6 36. R7e5 Rc2 37. a4 Ne4 38. Re8+ Kg7 39. Rxc8 Rxc8
40. Qd1 Qf6 41. Qf1 Rc2 42. Qf3 a5 43. Qf1 Qd6 44. Kg1 Qb4 45. f5 Rxe2 46. Qxe2
Qxd4 47. fxg6 fxg6 48. Kh1 Qe5 49. Kg1 Qd4 50. Kh2 Qe5+ 51. g3 h5 52. Kg2 b6
53. Qf3 Qf6 54. Qxf6+ Kxf6 55. Kf3 Ke5 56. Ke2 g5 57. Kd3 h4 58. gxh4 gxh4 59.
Rf3 Ng5 60. Re3+ Kd6 61. Kd4 Ne6+ 62. Kd3 Ng5 63. Re8 Nxh3 64. Rh8 Nf4+ 65. Ke3
Ne6 66. Rxh4 Kc5 67. Kd3 Nd8 68. Kc3 Nc6 69. Rh5 Nb4 70. Re5 Na2+ 71. Kb2 Nb4
72. Kc3 1/2-1/2

[Event "Liga Madrileña - DH 2017-2018"]
[Site "Madrid ESP"]
[Date "2017.12.02"]
[Round "3.45"]
[White "Vega Gomez, Francisco Borja"]
[Black "Yingrui, Lin"]
[Result "1/2-1/2"]
[WhiteElo "2298"]
[BlackElo "2085"]
[PlyCount "149"]
[EventDate "2017.11.19"]
[EventType "team-tourn"]
[EventRounds "14"]
[EventCountry "ESP"]
[SourceTitle "Ajedrez en Madrid"]
[Source "lmi"]
[SourceDate "2017.11.19"]
[WhiteTeam "64 Villalba"]
[BlackTeam "La Casa del Ajedrez"]
[WhiteTeamCountry "ESP"]
[BlackTeamCountry "ESP"]

1. Nf3 Nf6 2. g3 b6 3. Bg2 Bb7 4. O-O e6 5. c4 Be7 6. d3 d6 7. e4 Nbd7 8. Nc3
c5 9. Ne1 Qc7 10. Rb1 Bc6 11. Nc2 a6 12. b4 O-O 13. Re1 Rfd8 14. Nd5 Bxd5 15.
exd5 e5 16. f4 Re8 17. Bb2 exf4 18. gxf4 cxb4 19. Nxb4 Qc5+ 20. Kh1 Qf2 21. Qf3
Qh4 22. Nc6 Bf8 23. Qg3 Qh6 24. Bd4 b5 25. Bh3 Nc5 26. Bxc5 dxc5 27. Bg2 Bd6
28. Qg5 Qxg5 29. fxg5 Ng4 30. Bf3 Nf2+ 31. Kg2 Rxe1 32. Rxe1 Nxd3 33. Re4 Kf8
34. Be2 Nf4+ 35. Kf3 Nxe2 36. Rxe2 Re8 37. Rc2 f5 38. gxf6 gxf6 39. a3 Re1 40.
cxb5 axb5 41. Na7 Rd1 42. Nxb5 Rxd5 43. Nxd6 Rxd6 44. a4 Rd3+ 45. Kf4 Rd4+ 46.
Kf5 Rxa4 47. Rxc5 Kg7 48. Rc7+ Kh6 49. Kxf6 Rf4+ 50. Ke5 Rf2 51. h3 Rf3 52. h4
Rh3 53. Kf4 Rxh4+ 54. Kg3 Rd4 55. Kh2 Rd6 56. Kh1 Kg6 57. Rc1 h5 58. Ra1 Rd5
59. Rb1 h4 60. Ra1 Kg5 61. Rb1 Rd4 62. Ra1 Kg4 63. Rb1 Rd3 64. Ra1 Kg3 65. Rb1
Ra3 66. Rc1 h3 67. Rb1 Rf3 68. Ra1 Rc3 69. Rg1+ Kh4 70. Rg8 Rc1+ 71. Kh2 Rc2+
72. Kh1 Rc1+ 73. Kh2 Rc2+ 74. Kh1 Rc1+ 75. Kh2 1/2-1/2

[Event "Liga Madrileña - DH 2017-2018"]
[Site "Madrid ESP"]
[Date "2017.12.02"]
[Round "3.46"]
[White "Unciti Juan, Javier"]
[Black "Veganzonez Rojo, David"]
[Result "0-1"]
[WhiteElo "2037"]
[BlackElo "2101"]
[PlyCount "56"]
[EventDate "2017.11.19"]
[EventType "team-tourn"]
[EventRounds "14"]
[EventCountry "ESP"]
[SourceTitle "Ajedrez en Madrid"]
[Source "lmi"]
[SourceDate "2017.11.19"]
[WhiteTeam "La Casa del Ajedrez"]
[BlackTeam "64 Villalba"]
[WhiteTeamCountry "ESP"]
[BlackTeamCountry "ESP"]

1. e4 c6 2. d4 d5 3. e5 Bf5 4. c3 e6 5. Nf3 Nd7 6. Be2 Ne7 7. Be3 Bg6 8. h4 h5
9. Ng5 Nf5 10. Nd2 Be7 11. Ndf3 c5 12. Bd3 Qb6 13. Qd2 cxd4 14. Nxd4 Bxg5 15.
Bxg5 Nxd4 16. Bxg6 Nc6 17. Bc2 Ndxe5 18. b3 Rc8 19. O-O Ng4 20. Rae1 O-O 21.
Qd3 g6 22. Rxe6 Nge5 23. Qxd5 fxe6 24. Qxe6+ Kg7 25. Be3 Qd8 26. f4 Qd7 27. f5
Qxe6 28. fxe6 Rxf1+ 0-1

[Event "Liga Madrileña - DH 2017-2018"]
[Site "Madrid ESP"]
[Date "2017.12.17"]
[Round "4.11"]
[White "Pulvett Marin, Daniel"]
[Black "Suarez Uriel, Adrian"]
[Result "0-1"]
[WhiteElo "2444"]
[BlackElo "2402"]
[PlyCount "82"]
[EventDate "2017.11.19"]
[EventType "team-tourn"]
[EventRounds "14"]
[EventCountry "ESP"]
[SourceTitle "Ajedrez en Madrid"]
[Source "lmi"]
[SourceDate "2017.11.19"]
[WhiteTeam "Alcorcon"]
[BlackTeam "La Casa del Ajedrez"]
[WhiteTeamCountry "ESP"]
[BlackTeamCountry "ESP"]

1. d4 Nf6 2. c4 g6 3. Nc3 d5 4. Nf3 Bg7 5. h4 h6 6. Qb3 dxc4 7. Qxc4 Na6 8. e4
c6 9. e5 Nd5 10. Nxd5 Qxd5 11. Qxd5 cxd5 12. Bd2 Nb8 13. Rc1 Nc6 14. Bd3 Bg4
15. Nh2 Bf5 16. Bxf5 gxf5 17. Nf3 Kd7 18. h5 f6 19. Bf4 Rac8 20. Ke2 e6 21. Ke3
fxe5 22. dxe5 Rhg8 23. g3 a6 24. Rhg1 Ke7 25. a3 Na5 26. Rxc8 Rxc8 27. g4 fxg4
28. Rxg4 Kf7 29. Rg6 Rh8 30. Kd3 Nc6 31. b4 Ne7 32. Rg1 Rc8 33. Nd4 Rc4 34. Bh2
Nc6 35. Nxe6 Bxe5 36. Nd8+ Nxd8 37. Bxe5 Rh4 38. Rg7+ Ke6 39. Bc7 Nf7 40. Rg6+
Kd7 41. Rg7 Ke7 0-1

[Event "Liga Madrileña - DH 2017-2018"]
[Site "Madrid ESP"]
[Date "2017.12.17"]
[Round "4.12"]
[White "Candela Perez, Jose"]
[Black "Vallejo Diaz, Javier"]
[Result "0-1"]
[WhiteElo "2373"]
[BlackElo "2377"]
[PlyCount "118"]
[EventDate "2017.11.19"]
[EventType "team-tourn"]
[EventRounds "14"]
[EventCountry "ESP"]
[SourceTitle "Ajedrez en Madrid"]
[Source "lmi"]
[SourceDate "2017.11.19"]
[WhiteTeam "La Casa del Ajedrez"]
[BlackTeam "Alcorcon"]
[WhiteTeamCountry "ESP"]
[BlackTeamCountry "ESP"]

1. d4 Nf6 2. c4 e6 3. Nf3 b6 4. a3 Bb7 5. Nc3 g6 6. d5 exd5 7. cxd5 Bg7 8. g3
O-O 9. Bg2 c6 10. O-O Na6 11. Bg5 h6 12. Bf4 Nxd5 13. Nxd5 cxd5 14. Qd2 Nc5 15.
Rad1 Ne4 16. Qd3 Kh7 17. Be5 Re8 18. Bxg7 Kxg7 19. Nd4 a6 20. Nc2 Qf6 21. Qd4
Rac8 22. Ne3 Rc5 23. b4 Rc7 24. Bf3 Nc3 25. Rd3 Qxd4 26. Rxd4 Re5 27. Kg2 Nb5
28. Rd3 d4 29. Bxb7 Rxb7 30. Nc2 Rxe2 31. Nxd4 Nxd4 32. Rxd4 Rc7 33. Rd6 Re6
34. Rfd1 Rc3 35. Rxe6 dxe6 36. Rd6 Rxa3 37. Rxb6 Kf6 38. b5 axb5 39. Rxb5 e5
40. h4 Kf5 41. Rb7 f6 42. Rb6 h5 43. Rc6 Ra2 44. Rb6 g5 45. hxg5 Kxg5 46. Rb5
h4 47. gxh4+ Kxh4 48. Rb8 Kg4 49. Rb4+ Kg5 50. Rb5 Kf4 51. Rb6 f5 52. Rb3 e4
53. Rc3 Ke5 54. Rc5+ Kf6 55. Kg3 Kg5 56. f4+ Kg6 57. Rc6+ Kh5 58. Rc3 Rd2 59.
Rc8 Rd3+ 0-1